000 00868nas a2200289 4500
001 BR2015000854
003 BR-BrBNA
005 20231205125119.0
007 ta
008 230509b bl.|||p| |||| 00| 00por d
040 _aBR-BrBNA
_bpor
_cBiblioteca Nacional de Agricultura
041 _a(En)
072 _aH20
100 1 _aFarjado, T.V.M.
100 1 _aNickel, O.
245 1 _aSimultaneous detection of four viruses affecting apple and pear by molecular hybridization using a polyprobe
650 _aMAÇÃ
650 _aPERA
650 _aVÍRUS
650 _aDIAGNÓSTICO
650 _aMÉTODO
650 _aANÁLISE COMPARATIVA
650 _aMATERIAL DE PROPAGAÇÃO
773 0 _tCiência Rural (Brazil)
_xISSN 0103-8478
_g(Oct. 2014), v. 44(10) p.1711-1714
_wBR2015000854
909 _a202311
_bLúcia
_c55
_dLúcia Elande
942 _2AGRIS
_n0
_cANA
999 _c242704
_d242704